AH International Schools' Libraries

Rooftoppers / (Record no. 50290)

MARC details
000 -LEADER
fixed length control field 00684pam a2200193 i 4500
001 - CONTROL NUMBER
control field 019785456
005 - DATE AND TIME OF LATEST TRANSACTION
control field 20260324103356.0
020 ## - INTERNATIONAL STANDARD BOOK NUMBER
International Standard Book Number 9781526624802 (pbk.) :
100 1# - MAIN ENTRY--PERSONAL NAME
Personal name Rundell, Katherine,
Relator term author.
9 (RLIN) 87282
245 10 - TITLE STATEMENT
Title Rooftoppers /
Statement of responsibility, etc Katherine Rundell ; illustrated by Marie-Alice Harel.
260 ## - PUBLICATION, DISTRIBUTION, ETC. (IMPRINT)
Place of publication, distribution, etc London:
Name of publisher, distributor, etc Bloomsbury;
Date of publication, distribution, etc 2020.
300 ## - PHYSICAL DESCRIPTION
Extent ix, 324, 9 pages :
Other physical details illustrations ;
Dimensions 20 cm
500 ## - GENERAL NOTE
General note Originally published: London: Faber and Faber, 2013.
530 ## - ADDITIONAL PHYSICAL FORM AVAILABLE NOTE
Additional physical form available note Also issued online.
650 ## - SUBJECT ADDED ENTRY--TOPICAL TERM
Topical term or geographic name as entry element Orphans. Family.
Form subdivision Fiction. Juvenile Fiction.
Geographic subdivision Paris.
9 (RLIN) 87300
655 ## - INDEX TERM--GENRE/FORM
Genre/form data or focus term Historical.
9 (RLIN) 84425
700 1# - ADDED ENTRY--PERSONAL NAME
Personal name Marie-Alice Harel.
Relator term illustrator.
9 (RLIN) 87301
942 ## - ADDED ENTRY ELEMENTS (KOHA)
Source of classification or shelving scheme
Koha item type J FIC BOOKS
Holdings
Withdrawn status Lost status Source of classification or shelving scheme Damaged status Not for loan Collection code Home library Current library Date acquired Total Checkouts Full call number Barcode Date last seen Price effective from Koha item type
          SECONDARY Asian Hope Secondary Library Asian Hope Secondary Library 03/24/2026   J FIC RUN 210928 03/24/2026 03/24/2026 J FIC BOOKS

For any Logos Library related questions please contact Miss Art at swongnarasuk@asianhope.org.

For any Asian Hope Library related questions please contact Miss Raza at graza@asianhope.org.

Powered by Koha